000 00942nam a2200265Ia 4500
003 OSt
005 20220923231000.0
006 a|||||r|||| 00| 0
007 ta
008 220922b |||||||| |||| 00| 0 pan d
020 _c200
024 _a336,931
037 _bSP/5380, 17/03/2018, Star Publications (Pvt.) Ltd.
_cTextual
040 _aARTS
_cARTS
_bpan
041 _2pan
_apan
082 _aO153,3NBA,PH, P6
100 _aਬਲੀ, ਬਲਜੀਤ ਕੌਰ, ਂਚ.
245 0 _aਪੈਰਾਂ ਹੇਠਲੀ ਧਰਤੀ
260 _aਚੰਡੀਗੜ
_b ਲੋਕਗੀਤ ਪ੍ਰਕਾFਨ
_c2006
300 _a246ਪ0
_ccm.
650 _a ਪੰਜਾਬੀ ਕਹਾਣੀ
650 _aਪੰਜਾਬੀ ਸਾਹਿਤ
942 _hO153,3NBA,PH, P6
_cTEXL
_2CC
999 _c388595
_d388595